| 000 | 00452nam a2200169 a 4500 | ||
|---|---|---|---|
| 001 | 4834 | ||
| 005 | 20180713184710.0 | ||
| 008 | 140415s1983 sz 000 0 eng d | ||
| 041 | _aeng | ||
| 082 |
_a745.6 _bHEN |
||
| 100 | 1 | _aHENRION, FHK | |
| 245 | 1 | 0 | _aTOP GRAPHIC DESIGN |
| 250 | _a1a ed. | ||
| 260 |
_aSUIZA : _bABC VERLAG, _c1983 |
||
| 300 | _a159 | ||
| 650 | 1 | 4 |
_aDISEO DE CARTELES _xDISEO GRAFICO _xPUBLICIDAD COMERCIAL ARTISTICA |
| 999 |
_c4834 _d4834 |
||